[Event "14. Sparkassen Open 2015 - Gruppe C"]
[Site "Forchheim"]
[Date "2015.10.03"]
[Round "2.32"]
[White "Seitz, Stefan"]
[Black "Dusel, Thomas"]
[Result "1-0"]
[WhiteElo "705"]
[BlackElo "1066"]
[PlyCount "111"]
[EventDate "2015.??.??"]
[WhiteTeam "SC Forchheim"]
[BlackTeam "SV Würzburg"]

1. e4 e5 2. Nf3 Nc6 3. Bb5 Bc5 4. Bxc6 bxc6 5. Nxe5 Bb7 6. Nc3 a6 7. d4 Ba7 8.
d5 d6 9. Nxc6 Qd7 10. Nxa7 Rxa7 11. Be3 Ra8 12. O-O Ne7 13. Qf3 O-O 14. Qg3 Ng6
15. Bd4 Rae8 16. f4 f6 17. f5 Ne5 18. h4 h6 19. a4 Rb8 20. b4 c6 21. Be3 Nf7
22. Rfd1 Rfe8 23. Bf4 Re7 24. Re1 cxd5 25. exd5 Rbe8 26. b5 Kf8 27. Re3 Rxe3
28. Bxe3 Re5 29. Rd1 Rxf5 30. Qh3 g6 31. Rb1 a5 32. h5 Ng5 33. Bxg5 fxg5 34.
hxg6 Kg7 35. Re1 Bc8 36. Ne4 Rf8 37. b6 Qxh3 38. gxh3 Rd8 39. Nxg5 hxg5 40. b7
Bxh3 41. Re3 Bf5 42. c3 Kxg6 43. Re7 g4 44. Rc7 Be4 45. Rc6 Rh8 46. Rxd6+ Kf5
47. Rh6 Rxh6 48. b8=Q Rh1+ 49. Kf2 Rh3 50. Qc8+ Kg5 51. Qd8+ Kf5 52. Qc7 Kg5
53. Qe7+ Kf5 54. Qe6+ Kg5 55. Qxe4 Rxc3 56. Qe5+ 1-0

[Event "14. Sparkassen Open 2015 - Gruppe C"]
[Site "Forchheim"]
[Date "2015.10.03"]
[Round "2.34"]
[White "Gehrke, Korbinian"]
[Black "Haller, Inna"]
[Result "0-1"]
[WhiteElo "1271"]
[BlackElo "761"]
[PlyCount "25"]
[EventDate "2015.??.??"]
[WhiteTeam "TV Tegernsee"]
[BlackTeam "Aschaffenburg-Schweinheim"]

1. e4 e5 2. Nf3 Nc6 3. Nc3 d6 4. Bc4 Bg4 5. d3 Qf6 6. h3 Bxf3 7. gxf3 Nd4 8.
Nd5 Qd8 9. f4 c6 10. Nc3 b5 11. fxe5 bxc4 12. dxc4 dxe5 13. Be3 0-1

[Event "14. Sparkassen Open 2015 - Gruppe C"]
[Site "Forchheim"]
[Date "2015.10.03"]
[Round "2.39"]
[White "Schwitulla, Jochen"]
[Black "Pillath, Marcus"]
[Result "1/2-1/2"]
[WhiteElo "1029"]
[BlackElo "1631"]
[PlyCount "47"]
[EventDate "2015.??.??"]
[WhiteTeam "Aschaffenburg-Schweinheim"]
[BlackTeam "SGem Vaihingen-Rohr"]

1. e4 c6 2. d4 d5 3. e5 Bf5 4. Bd3 Bxd3 5. Qxd3 e6 6. Nf3 Qa5+ 7. Bd2 Qa6 8.
Qxa6 Nxa6 9. O-O Ne7 10. c3 Ng6 11. Bg5 h6 12. Bh4 Be7 13. Bxe7 Nxe7 14. Nbd2
Rc8 15. b3 O-O 16. c4 Nb4 17. a3 Na6 18. Rac1 Nb8 19. c5 Nd7 20. Nh4 g5 21.
Nhf3 a6 22. b4 Kg7 23. Rc3 Nf5 24. Rb1 1/2-1/2

[Event "14. Sparkassen Open 2015 - Gruppe C"]
[Site "Forchheim"]
[Date "2015.10.03"]
[Round "3.1"]
[White "Walter, Gabriele"]
[Black "Krastev, Ivan"]
[Result "0-1"]
[WhiteElo "1246"]
[BlackElo "1663"]
[PlyCount "72"]
[EventDate "2015.??.??"]
[WhiteTeam "SV Lauf"]
[BlackTeam "Biebertaler SF"]

1. c4 c5 2. g3 g6 3. Bg2 Bg7 4. Nc3 e6 5. e3 Ne7 6. Nge2 O-O 7. O-O d5 8. d3
Nbc6 9. a3 Rb8 10. Rb1 Ne5 11. d4 cxd4 12. exd4 Nxc4 13. b3 Nd6 14. Bf4 Ra8 15.
a4 b6 16. Qd3 Bb7 17. Rbc1 Nc6 18. Bxd6 Qxd6 19. Nb5 Qe7 20. Rc3 a6 21. Na3
Qxa3 22. Rb1 Qd6 23. Qd2 Rac8 24. Rbc1 Nb4 25. Qb2 Rxc3 26. Rxc3 Rc8 27. Rxc8+
Bxc8 28. Qc3 Bd7 29. Nc1 Nc6 30. Ne2 Qb4 31. Qxb4 Nxb4 32. Bf1 Nc2 33. Nc1 a5
34. Nd3 Nxd4 35. Kg2 Nxb3 36. Nb2 Bxb2 0-1

[Event "14. Sparkassen Open 2015 - Gruppe C"]
[Site "Forchheim"]
[Date "2015.10.03"]
[Round "3.3"]
[White "Wirtz-Stark, Jürgen"]
[Black "Eichenauer, Pascal"]
[Result "1-0"]
[WhiteElo "1072"]
[BlackElo "1564"]
[PlyCount "31"]
[EventDate "2015.??.??"]
[WhiteTeam "SK Rothenburg"]
[BlackTeam "SV Würzburg"]

1. e4 c5 2. c3 g6 3. d4 Qa5 4. Be3 cxd4 5. Bxd4 e5 6. Be3 Nf6 7. Bd3 d5 8. Nd2
Ng4 9. Bg5 Qb6 10. Nh3 dxe4 11. Nxe4 f5 12. Bb5+ Nc6 13. Nf6+ Nxf6 14. Bxf6 f4
15. Qd5 Rg8 16. Bc4 1-0

[Event "14. Sparkassen Open 2015 - Gruppe C"]
[Site "Forchheim"]
[Date "2015.10.03"]
[Round "3.8"]
[White "Hanft, Günter"]
[Black "Roesner, Rolf"]
[Result "0-1"]
[WhiteElo "1715"]
[BlackElo "1425"]
[PlyCount "81"]
[EventDate "2015.??.??"]
[WhiteTeam "SC Bamberg"]
[BlackTeam "SC Erlangen"]

1. e4 c6 2. d4 d5 3. e5 Bf5 4. Nf3 e6 5. Be2 h6 6. O-O Nd7 7. Nbd2 Rc8 8. Nb3
Bb4 9. c3 Ba5 10. Nxa5 Qxa5 11. Bd3 Bxd3 12. Qxd3 Ne7 13. Re1 Ng6 14. Bd2 Qc7
15. c4 dxc4 16. Qxc4 Nb6 17. Qc2 Nd5 18. Rac1 O-O 19. Qa4 Qd7 20. a3 b6 21. b4
Rc7 22. Qb3 Rfc8 23. Qb1 Nge7 24. Qe4 Nf5 25. g4 Nfe7 26. h4 Qd8 27. Kh2 Ng6
28. g5 h5 29. Kg3 Nde7 30. Kh3 Rd7 31. Be3 Rdc7 32. Nd2 Nf5 33. Qf3 Nxd4 34.
Bxd4 Qxd4 35. Ne4 Nxe5 36. Qxh5 Qd3+ 37. Re3 Qd7 38. Qe2 Ng4 39. Qxg4 Rd8 40.
Nf6+ gxf6 41. gxf6+ 0-1

[Event "14. Sparkassen Open 2015 - Gruppe C"]
[Site "Forchheim"]
[Date "2015.10.03"]
[Round "3.9"]
[White "Homi, Joseph"]
[Black "Schwitulla, Jochen"]
[Result "1-0"]
[WhiteElo "1495"]
[BlackElo "1029"]
[PlyCount "61"]
[EventDate "2015.??.??"]
[WhiteTeam "SGem Fürth"]
[BlackTeam "Aschaffenburg-Schweinheim"]

1. d4 d5 2. c4 e6 3. Nc3 Nf6 4. Bg5 h6 5. Bh4 Be7 6. Nf3 O-O 7. e3 a6 8. cxd5
exd5 9. Bd3 c6 10. O-O Nbd7 11. Rc1 Nb6 12. Bg3 Bd6 13. Ne5 Be6 14. Qe2 Nbd7
15. f4 Nb6 16. h3 Nc4 17. Bxc4 dxc4 18. f5 Bd5 19. e4 Nxe4 20. Nxe4 b5 21. f6
g6 22. Nxd6 Qxd6 23. Qe3 Kh7 24. Nxg6 Rfe8 25. Ne5 Be6 26. Qd2 c5 27. d5 Bxd5
28. Nxf7 Qf8 29. Qxd5 Ra7 30. Qf5+ Kg8 31. Qg6+ 1-0

[Event "14. Sparkassen Open 2015 - Gruppe C"]
[Site "Forchheim"]
[Date "2015.10.03"]
[Round "3.10"]
[White "Roth, Ludwig"]
[Black "Böse, Christina"]
[Result "0-1"]
[WhiteElo "1164"]
[BlackElo "1454"]
[PlyCount "144"]
[EventDate "2015.??.??"]
[WhiteTeam "Spvgg Stetten"]
[BlackTeam "SC Bechhofen"]

1. e4 c6 2. d4 d5 3. exd5 cxd5 4. Bd3 Nc6 5. c3 Qc7 6. Qf3 e6 7. Bf4 Bd6 8.
Bxd6 Qxd6 9. Ne2 Nf6 10. Qg3 Qxg3 11. Nxg3 O-O 12. O-O Bd7 13. Nd2 Rfc8 14. Nf3
a6 15. Rfe1 b5 16. Ne5 Rab8 17. Nxc6 Rxc6 18. b3 Rxc3 19. Re3 Rbc8 20. Ne2 R3c6
21. a4 bxa4 22. bxa4 Rb8 23. Nf4 Rb2 24. Be2 Rbc2 25. Nd3 a5 26. Nc5 Rb6 27.
Nb3 Rxe2 28. Rxe2 Rxb3 29. Rc2 Rd3 30. Rc5 Rxd4 31. Rxa5 Kf8 32. Ra8+ Ke7 33.
a5 Re4 34. a6 Ne8 35. a7 Nc7 36. Rb8 Bc6 37. f3 Rc4 38. Rc8 Kd7 39. Rh8 h6 40.
Rh7 d4 41. Rxg7 Ke7 42. Rg4 e5 43. Re1 Kd6 44. Rh4 Ra4 45. Rxh6+ Ne6 46. Rf6
Be8 47. Rf5 Rxa7 48. Rfxe5 d3 49. R5e3 Bb5 50. h4 Ra2 51. Kh2 Nc5 52. h5 d2 53.
Rd1 Ba4 54. Rb1 d1=Q 55. Rxd1+ Bxd1 56. h6 Ra8 57. g4 f6 58. Kg3 Rh8 59. f4
Rxh6 60. g5 fxg5 61. fxg5 Rh8 62. Kf4 Ne6+ 63. Kf5 Bc2+ 64. Kg4 Rf8 65. Rf3 Bd1
66. Kh5 Bxf3+ 67. Kg6 Nxg5 68. Kxg5 Ke6 69. Kh4 Rg8 70. Kh3 Kf5 71. Kh4 Bg2 72.
Kh5 Rh8# 0-1

[Event "14. Sparkassen Open 2015 - Gruppe C"]
[Site "Forchheim"]
[Date "2015.10.03"]
[Round "3.11"]
[White "Wagner, Thomas"]
[Black "Dresel, Martin"]
[Result "1/2-1/2"]
[WhiteElo "1352"]
[BlackElo "1699"]
[PlyCount "53"]
[EventDate "2015.??.??"]
[WhiteTeam "vereinslos"]
[BlackTeam "SC Erlangen"]

1. e4 c6 2. Nc3 d5 3. exd5 cxd5 4. Bb5+ Bd7 5. Bxd7+ Qxd7 6. d3 e6 7. Nf3 Nc6
8. Bf4 Bb4 9. O-O Nf6 10. Ne5 Nxe5 11. Bxe5 Be7 12. h3 O-O 13. Re1 Ne8 14. Ne2
f6 15. Bg3 Bd6 16. d4 Nc7 17. Bxd6 Qxd6 18. Nc3 Rfe8 19. Qd3 a6 20. a3 e5 21.
dxe5 fxe5 22. Rad1 Rad8 23. Qg3 Qf6 24. Kf1 Qf5 25. Rd2 Rd7 26. Qg4 Qxg4 27.
hxg4 1/2-1/2

[Event "14. Sparkassen Open 2015 - Gruppe C"]
[Site "Forchheim"]
[Date "2015.10.03"]
[Round "3.12"]
[White "Gheng, Christian"]
[Black "Walter, Stefanie"]
[Result "1-0"]
[WhiteElo "1742"]
[BlackElo "1178"]
[PlyCount "51"]
[EventDate "2015.??.??"]
[WhiteTeam "Schach-Kids Bernhausen"]
[BlackTeam "SV Lauf"]

1. e4 c5 2. Nf3 Nc6 3. d4 cxd4 4. Nxd4 g6 5. Nxc6 bxc6 6. Qd4 f6 7. Bc4 e6 8.
O-O Bg7 9. Rd1 Qe7 10. Nc3 f5 11. e5 d5 12. Be2 c5 13. Bb5+ Kf7 14. Qa4 Bxe5
15. Re1 Qf6 16. Bc6 Bxc3 17. bxc3 Qxc3 18. Bd2 Qxd2 19. Bxa8 Nf6 20. Qxa7+ Ke8
21. Qg7 Rf8 22. Bc6+ Bd7 23. Rxe6+ Kd8 24. Rxf6 Be8 25. Rd6+ Kc8 26. Qb7# 1-0

[Event "14. Sparkassen Open 2015 - Gruppe C"]
[Site "Forchheim"]
[Date "2015.10.03"]
[Round "3.13"]
[White "Gehrke, Jakob"]
[Black "Bardorz, Christoph"]
[Result "0-1"]
[WhiteElo "1328"]
[BlackElo "1552"]
[PlyCount "70"]
[EventDate "2015.??.??"]
[WhiteTeam "TV Tegernsee"]
[BlackTeam "TSV Rottendorf"]

1. e4 e5 2. Nf3 Nc6 3. Bc4 Nf6 4. d3 Bc5 5. Nc3 d6 6. Be3 Bb6 7. d4 Nxe4 8.
Nxe4 d5 9. Bxd5 Qxd5 10. Nc3 Ba5 11. O-O Bxc3 12. bxc3 Bg4 13. h3 Bxf3 14. gxf3
O-O-O 15. dxe5 Qe6 16. Qe2 Qxh3 17. f4 Rd5 18. Rfd1 Rhd8 19. Rxd5 Rxd5 20. c4
Nd4 21. Bxd4 Rxd4 22. Rd1 Rxf4 23. Rd3 Qg4+ 24. Qxg4+ Rxg4+ 25. Rg3 Rxg3+ 26.
fxg3 Kd7 27. Kf2 Ke6 28. Ke3 Kxe5 29. a4 h5 30. a5 g5 31. c5 h4 32. gxh4 gxh4
33. Kf3 f5 34. c3 Kd5 35. Kf4 Kxc5 0-1

[Event "14. Sparkassen Open 2015 - Gruppe C"]
[Site "Forchheim"]
[Date "2015.10.03"]
[Round "3.14"]
[White "Held, Werner"]
[Black "Klinkhammer, Christopher"]
[Result "0-1"]
[WhiteElo "1111"]
[BlackElo "1503"]
[PlyCount "50"]
[EventDate "2015.??.??"]
[WhiteTeam "Zabo-Eintracht Nürnberg"]
[BlackTeam "SG Siemens Amberg"]

1. d4 Nf6 2. c4 e6 3. Nf3 b6 4. a3 Bb7 5. e3 Be7 6. b4 c5 7. bxc5 bxc5 8. Bb2
O-O 9. Nc3 d5 10. Bd3 cxd4 11. Nxd4 dxc4 12. Bf1 Nc6 13. Nce2 Qc7 14. Rc1 Nxd4
15. Rxc4 Qxc4 16. Nxd4 Qa2 17. Qc2 Bxa3 18. Bxa3 Qxa3 19. f3 Rfd8 20. Qe2 h5
21. Qb5 Qxe3+ 22. Ne2 Ba6 23. Qb2 Rac8 24. h4 Bxe2 25. Bxe2 Rc1+ 0-1

[Event "14. Sparkassen Open 2015 - Gruppe C"]
[Site "Forchheim"]
[Date "2015.10.03"]
[Round "3.15"]
[White "Schwarz, Matthias"]
[Black "Procelewski, Alexander"]
[Result "1-0"]
[WhiteElo "1633"]
[BlackElo "1147"]
[PlyCount "37"]
[EventDate "2015.??.??"]
[WhiteTeam "SG Idstein"]
[BlackTeam "SC Erlangen"]

1. e4 e5 2. Nf3 Nc6 3. Bc4 Bc5 4. b4 Bxb4 5. c3 Bc5 6. d4 exd4 7. O-O dxc3 8.
Bxf7+ Kxf7 9. Qd5+ Ke8 10. Qxc5 d6 11. Qxc3 Bg4 12. Bg5 Nf6 13. e5 h6 14. exf6
hxg5 15. Re1+ Kd7 16. fxg7 Rg8 17. Na3 Bxf3 18. Qxf3 Rxg7 19. Qf5# 1-0

[Event "14. Sparkassen Open 2015 - Gruppe C"]
[Site "Forchheim"]
[Date "2015.10.03"]
[Round "3.16"]
[White "Hauck, Martin"]
[Black "Schad, Gerhard"]
[Result "0-1"]
[WhiteElo "1035"]
[BlackElo "1683"]
[PlyCount "100"]
[EventDate "2015.??.??"]
[WhiteTeam "SC Noris-Tarrasch Nürnberg"]
[BlackTeam "SV Neustadt/Aisch"]

1. e4 c6 2. e5 d6 3. exd6 exd6 4. Nf3 Nf6 5. Nc3 Bg4 6. Be2 Nbd7 7. d4 d5 8.
Ng5 Bxe2 9. Qxe2+ Be7 10. f4 O-O 11. O-O Re8 12. Qf3 Qb6 13. Ne2 h6 14. Nh3
Rad8 15. c3 Qc7 16. b4 Nb6 17. f5 Nc4 18. Bf4 Bd6 19. Bxd6 Qxd6 20. Rf2 Ne4 21.
Qf4 Nxf2 22. Kxf2 Qf6 23. Ng3 Re3 24. Nh5 Qe7 25. f6 Re2+ 26. Kf3 Qe3+ 27. Qxe3
Rxe3+ 28. Kg4 g6 29. N5f4 Rde8 30. Rf1 Rxc3 31. Nxg6 Ne3+ 32. Kh5 fxg6+ 33.
Kxg6 Nxf1 34. f7+ Kf8 35. Nf4 Re4 36. Nh5 Re6+ 37. Nf6 Rxf6+ 38. Kxf6 Nxh2 39.
g4 Nxg4+ 40. Kg6 Rc4 41. a3 Rxd4 42. a4 Rxb4 43. a5 Ne5+ 44. Kf6 Nxf7 45. a6 b5
46. Ke6 d4 47. Kd7 Ra4 48. Kxc6 Rxa6+ 49. Kb7 Rd6 50. Kxa7 d3 0-1

[Event "14. Sparkassen Open 2015 - Gruppe C"]
[Site "Forchheim"]
[Date "2015.10.03"]
[Round "3.17"]
[White "Adelhardt, Lisa"]
[Black "Sorokin, Konstantin"]
[Result "0-1"]
[WhiteElo "1028"]
[BlackElo "1593"]
[PlyCount "60"]
[EventDate "2015.??.??"]
[WhiteTeam "Schachtreff Röttenbach"]
[BlackTeam "Münchener SC"]

1. e4 c5 2. Nc3 Nc6 3. f4 d6 4. Nf3 Nf6 5. d3 e6 6. Be2 Be7 7. O-O O-O 8. Be3
a6 9. a4 Ng4 10. Bd2 f5 11. h3 Nf6 12. Be3 Kh8 13. Qb1 Nh5 14. Kh2 d5 15. exd5
exd5 16. Bd2 d4 17. Nd1 Qe8 18. Re1 Qg6 19. Rg1 Qg3+ 20. Kh1 Nxf4 21. Be1 Qg6
22. Bf1 Nh5 23. Nh4 Qe6 24. Nf3 Ne5 25. Nxe5 Qxe5 26. Bf2 Ng3+ 27. Bxg3 Qxg3
28. Nf2 Bd6 29. Ng4 fxg4 30. Qe1 Qh2# 0-1

[Event "14. Sparkassen Open 2015 - Gruppe C"]
[Site "Forchheim"]
[Date "2015.10.03"]
[Round "3.18"]
[White "Schwarz, Dominik"]
[Black "Heger, Heinz"]
[Result "1/2-1/2"]
[WhiteElo "1447"]
[BlackElo "1131"]
[PlyCount "106"]
[EventDate "2015.??.??"]
[WhiteTeam "SC Prichsenstadt"]
[BlackTeam "SC Forchheim"]

1. e4 e5 2. Nf3 Nc6 3. Bc4 h6 4. O-O Nf6 5. d3 Na5 6. Nxe5 d5 7. exd5 Nxd5 8.
Re1 Be6 9. Qh5 Qe7 10. Ng6 fxg6 11. Qxg6+ Bf7 12. Rxe7+ Kxe7 13. Qe4+ Kd6 14.
Bf4+ Kc6 15. Bxd5+ Bxd5 16. Qg6+ Bd6 17. Nc3 Raf8 18. Bxd6 cxd6 19. Nxd5 Kxd5
20. Rd1 Nc6 21. Qe4+ Kc5 22. Qc4+ Kb6 23. Qe6 Rf6 24. Qe3+ Kc7 25. a3 d5 26.
Qg3+ Kb6 27. Qxg7 Rhf8 28. f3 R8f7 29. Qg3 a5 30. Qf2+ Ka6 31. Qc5 Rf5 32. Qf2
R7f6 33. Qe3 Rf4 34. c3 d4 35. cxd4 Nxd4 36. Qf2 Rg6 37. Kh1 Rc6 38. Qe3 Rcf6
39. h3 Nc2 40. Qe2 Ne1 41. Qxe1 Rd6 42. Kh2 Re4 43. Qc3 Rxd3 44. Qc4+ Ka7 45.
Qc5+ b6 46. Qc7+ Ka6 47. Qc8+ Ka7 48. Qc7+ Ka6 49. a4 Rdd4 50. Qc8+ Ka7 51.
Qc7+ Ka6 52. Qc8+ Ka7 53. Qc7+ Ka6 1/2-1/2

[Event "14. Sparkassen Open 2015 - Gruppe C"]
[Site "Forchheim"]
[Date "2015.10.03"]
[Round "3.19"]
[White "Gründel, Johannes"]
[Black "Erdösi, Anna"]
[Result "1-0"]
[WhiteElo "1554"]
[BlackElo "1204"]
[PlyCount "41"]
[EventDate "2015.??.??"]
[WhiteTeam "SC Forchheim"]
[BlackTeam "TV Tegernsee"]

1. e4 c5 2. Nf3 d6 3. d4 cxd4 4. Nxd4 Nf6 5. Nc3 g6 6. Bc4 Bg7 7. O-O Nc6 8.
Bg5 O-O 9. Qd2 Nxe4 10. Nxe4 Bxd4 11. c3 Bg7 12. Rad1 Qd7 13. Bh6 Bxh6 14. Qxh6
Rd8 15. Ng5 e6 16. Qxh7+ Kf8 17. Qh8+ Ke7 18. Qg7 Ke8 19. Rfe1 Ne7 20. Nh7 Qc6
21. Nf6# 1-0

[Event "14. Sparkassen Open 2015 - Gruppe C"]
[Site "Forchheim"]
[Date "2015.10.03"]
[Round "3.20"]
[White "Homfeldt, Maren"]
[Black "Kirchner, Stefan"]
[Result "0-1"]
[WhiteElo "1332"]
[BlackElo "1497"]
[PlyCount "118"]
[EventDate "2015.??.??"]
[WhiteTeam "SC Noris-Tarrasch Nürnberg"]
[BlackTeam "SF Schöneck"]

1. g3 Nf6 2. h3 d6 3. Bg2 c6 4. e3 g6 5. d3 Bg7 6. b3 O-O 7. Bb2 Re8 8. Ne2 e5
9. Nd2 d5 10. O-O Qc7 11. Kh2 Nh5 12. e4 Nf6 13. f4 Nbd7 14. d4 exd4 15. e5 Nh5
16. g4 Nxf4 17. Nxf4 Bxe5 18. Qf3 g5 19. Kh1 Bxf4 20. Bxd4 Ne5 21. Bxe5 Qxe5
22. Rae1 Qxe1 23. Rxe1 Rxe1+ 24. Nf1 Bd7 25. Qf2 Ree8 26. h4 h6 27. Bf3 gxh4
28. Kg2 Bg5 29. Qxa7 Bc1 30. Qf2 f5 31. gxf5 Bxf5 32. Bh5 Re5 33. Nh2 Kg7 34.
Nf3 Re2 35. Ne1 Rxf2+ 36. Kxf2 h3 37. Bf3 Kf6 38. Kg3 Ke5 39. Bh1 Bf4+ 40. Kf3
Be4+ 41. Kf2 Bxh1 42. Nd3+ Kf5 43. Nxf4 Kxf4 44. Kg1 Bg2 45. Kh2 h5 46. a4 Ke3
47. b4 Kd4 48. b5 cxb5 49. axb5 Kc3 50. b6 Kxc2 51. Kg1 d4 52. Kh2 d3 53. Kg1
h4 54. Kh2 d2 55. Kg1 d1=Q+ 56. Kf2 h2 57. Ke3 h1=Q 58. Kf4 Qh2+ 59. Ke3 Qd2#
0-1

[Event "14. Sparkassen Open 2015 - Gruppe C"]
[Site "Forchheim"]
[Date "2015.10.03"]
[Round "3.21"]
[White "Trefflich, Marcus"]
[Black "Albayrak, Berrak"]
[Result "1-0"]
[WhiteElo "1421"]
[BlackElo "962"]
[PlyCount "81"]
[EventDate "2015.??.??"]
[WhiteTeam "SC Treuchtlingen"]
[BlackTeam "Zabo-Eintracht Nürnberg"]

1. c4 c5 2. Nc3 Nc6 3. g3 Nf6 4. Bg2 e5 5. d3 d6 6. Nf3 g6 7. Rb1 b6 8. Nxe5
Bd7 9. Nxc6 Qc7 10. Ne5 Rb8 11. Nxd7 Qxd7 12. a3 a6 13. b4 b5 14. bxc5 dxc5 15.
O-O Be7 16. Bh6 Ng4 17. Bf4 Rb6 18. a4 Bd6 19. Bxd6 Qxd6 20. axb5 axb5 21. Nxb5
Qd7 22. Ra1 O-O 23. h3 Ne5 24. Nc3 Nc6 25. Nd5 Qb7 26. Nxb6 Qxb6 27. Rb1 Qa6
28. Qb3 Rb8 29. Qc2 Nd4 30. Rxb8+ Kg7 31. Qc3 Qa7 32. Qb2 Kh6 33. e3 Ne6 34.
Bd5 Ng5 35. Kg2 Qe7 36. Rb7 Qf8 37. f4 Ne6 38. g4 Nd8 39. g5+ Kh5 40. Bf3+ Kh4
41. Qf2# 1-0

[Event "14. Sparkassen Open 2015 - Gruppe C"]
[Site "Forchheim"]
[Date "2015.10.03"]
[Round "3.22"]
[White "Kolb, Tobias"]
[Black "Tiggemann, Felix"]
[Result "1-0"]
[WhiteElo "1412"]
[BlackElo "802"]
[PlyCount "109"]
[EventDate "2015.??.??"]
[WhiteTeam "SV Seubelsdorf"]
[BlackTeam "SF Schöneck"]

1. e4 e6 2. d4 d5 3. exd5 exd5 4. Nc3 c5 5. dxc5 Bxc5 6. Qxd5 Qxd5 7. Nxd5 Bd6
8. Bf4 Be6 9. Bxd6 Bxd5 10. Bxb8 Rxb8 11. O-O-O Bxa2 12. b3 Rc8 13. Kb2 Bxb3
14. cxb3 Nf6 15. Rc1 O-O 16. Nf3 Ne4 17. Rxc8 Rxc8 18. Bc4 Nxf2 19. Rf1 Ne4 20.
Bxf7+ Kxf7 21. Ng5+ Kg6 22. Nxe4 Rd8 23. Rf2 Rd4 24. Nc5 b6 25. Na4 b5 26. Nc3
b4 27. Na2 a5 28. Rc2 Rd6 29. Rc5 Rd2+ 30. Rc2 Rd6 31. Nc1 Rd4 32. Ne2 Re4 33.
Ng3 Rh4 34. Nf1 Kf5 35. h3 Rf4 36. Ne3+ Ke4 37. Nc4 Kd5 38. Nxa5 Ke5 39. Rc5+
Ke4 40. Rc2 Ke3 41. Nc6 Rf2 42. Nxb4 Rxc2+ 43. Nxc2+ Kf4 44. b4 Ke5 45. Kc3 Kd6
46. Kd4 Kc6 47. Kc4 Kd6 48. b5 Kc7 49. Kc5 Kb7 50. b6 h5 51. g3 g5 52. g4 hxg4
53. hxg4 Ka8 54. Kc6 Kb8 55. b7 1-0

[Event "14. Sparkassen Open 2015 - Gruppe C"]
[Site "Forchheim"]
[Date "2015.10.03"]
[Round "3.24"]
[White "Paeslack, Timo"]
[Black "Heller, Thomas"]
[Result "1/2-1/2"]
[WhiteElo "889"]
[BlackElo "1379"]
[PlyCount "47"]
[EventDate "2015.??.??"]
[WhiteTeam "SK Mainaschaff"]
[BlackTeam "SC Forchheim"]

1. e4 e5 2. Nf3 Nc6 3. Nc3 Nf6 4. Bc4 Bc5 5. Nd5 O-O 6. d3 d6 7. Bg5 Na5 8. b4
Nxc4 9. dxc4 Bb6 10. Nxf6+ gxf6 11. Bh6 Re8 12. O-O Re6 13. Nd4 Re8 14. Nf5
Bxf5 15. exf5 Kh8 16. Qd5 Qe7 17. Qxb7 Rab8 18. Qf3 c5 19. b5 Rbd8 20. a4 Ba5
21. Rad1 e4 22. Qe3 Qe5 23. Rd5 Qc3 24. Qxc3 1/2-1/2

[Event "14. Sparkassen Open 2015 - Gruppe C"]
[Site "Forchheim"]
[Date "2015.10.03"]
[Round "3.25"]
[White "Reiser, Silas"]
[Black "Bardorz, Jana"]
[Result "0-1"]
[WhiteElo "865"]
[BlackElo "1375"]
[PlyCount "108"]
[EventDate "2015.??.??"]
[WhiteTeam "TV Tegernsee"]
[BlackTeam "TSV Rottendorf"]

1. d4 d5 2. Nf3 Nc6 3. Bf4 Bg4 4. e3 Nf6 5. Nc3 e6 6. Bd3 Bb4 7. Qd2 O-O 8.
O-O-O Re8 9. h3 Bh5 10. g4 Bg6 11. Bxg6 hxg6 12. Qd3 a5 13. Bg5 a4 14. a3 Bxc3
15. Qxc3 Qd6 16. Bf4 Qd7 17. Ng5 b5 18. Qd3 b4 19. Rdg1 bxa3 20. Qxa3 e5 21.
dxe5 Nxe5 22. h4 Nexg4 23. h5 gxh5 24. Rh4 Nxf2 25. Rg2 N2e4 26. Nxe4 Rxe4 27.
Bg5 Rxh4 28. Bxh4 Qh3 29. Rg3 Qxh4 30. e4 Qf4+ 31. Kb1 Nxe4 32. Rg1 Nd2+ 33.
Ka2 Qc4+ 34. Ka1 Qxc2 35. Qg3 g6 36. Qc3 Qxc3 37. bxc3 a3 38. Rd1 Ne4 39. Rxd5
Nxc3 40. Rc5 Ne4 41. Rxc7 a2 42. Re7 Nd2 43. Re3 Kg7 44. Rd3 Ne4 45. Re3 f5 46.
Rd3 Kh6 47. Rf3 h4 48. Rh3 Kh5 49. Rf3 Ra5 50. Re3 g5 51. Re2 h3 52. Rh2 Kh4
53. Re2 g4 54. Re3 g3 0-1

[Event "14. Sparkassen Open 2015 - Gruppe C"]
[Site "Forchheim"]
[Date "2015.10.03"]
[Round "3.26"]
[White "Alka, Kurt"]
[Black "Seitz, Stefan"]
[Result "1-0"]
[WhiteElo "1352"]
[BlackElo "705"]
[PlyCount "49"]
[EventDate "2015.??.??"]
[WhiteTeam "SC Erlangen"]
[BlackTeam "SC Forchheim"]

1. e4 e5 2. Nf3 Nc6 3. Bc4 Nf6 4. Nc3 Bb4 5. d3 Bxc3+ 6. bxc3 O-O 7. O-O d5 8.
exd5 Nxd5 9. Bxd5 Qxd5 10. Bg5 Qd6 11. c4 Qg6 12. Kh1 e4 13. dxe4 Qxe4 14. c5
Nd4 15. Nxd4 Qxd4 16. a3 Qxc5 17. Be3 Qg5 18. Bd4 Rd8 19. Bc3 Be6 20. Qe2 g6
21. Qe5 Qxe5 22. Bxe5 Rd5 23. Rae1 a5 24. Rd1 Rc5 25. Rd8+ 1-0

[Event "14. Sparkassen Open 2015 - Gruppe C"]
[Site "Forchheim"]
[Date "2015.10.03"]
[Round "3.27"]
[White "Fuhrmann, Elias"]
[Black "Högner, Tom"]
[Result "0-1"]
[WhiteElo "811"]
[BlackElo "1343"]
[PlyCount "88"]
[EventDate "2015.??.??"]
[WhiteTeam "TV Tegernsee"]
[BlackTeam "SC Erlangen"]

1. e4 e6 2. Nf3 d5 3. e5 c5 4. d3 Nc6 5. Ng5 Nxe5 6. c3 h6 7. d4 Nc6 8. Nf3 Qc7
9. dxc5 Bxc5 10. b4 Bd6 11. b5 Nce7 12. a4 Nf6 13. Bd3 Bd7 14. O-O O-O 15. h3
e5 16. Be3 e4 17. Bc2 exf3 18. Qxf3 Be5 19. Ra2 Bxc3 20. Nxc3 Qxc3 21. Qg3 Nh5
22. Qd6 Nf5 23. Qxd7 Nxe3 24. fxe3 Qxe3+ 25. Kh1 Ng3+ 26. Kh2 Nxf1+ 27. Kh1 Qe6
28. Qxb7 Ne3 29. Bb1 Qc8 30. Qe7 Qc1+ 31. Kh2 Qxb1 32. Re2 d4 33. Qh4 d3 34.
Rxe3 d2 35. Re4 d1=Q 36. Rd4 Qh1+ 37. Kg3 Qbe1+ 38. Kg4 Qxh4+ 39. Kxh4 Rfe8 40.
g4 Re3 41. g5 Re4+ 42. Rxe4 Qxe4+ 43. Kh5 g6+ 44. Kxh6 Qh4# 0-1

[Event "14. Sparkassen Open 2015 - Gruppe C"]
[Site "Forchheim"]
[Date "2015.10.03"]
[Round "3.29"]
[White "Haller, Inna"]
[Black "Michel, Philipp"]
[Result "1/2-1/2"]
[WhiteElo "761"]
[BlackElo "1312"]
[PlyCount "110"]
[EventDate "2015.??.??"]
[WhiteTeam "Aschaffenburg-Schweinheim"]
[BlackTeam "SC Forchheim"]

1. e4 c6 2. d4 d5 3. e5 Bf5 4. Nf3 f6 5. Bf4 e6 6. Bd3 Bxd3 7. Qxd3 Qb6 8. b3
Qa6 9. O-O Qxd3 10. cxd3 c5 11. Nbd2 Nc6 12. Be3 fxe5 13. dxe5 Nb4 14. d4 Nd3
15. Ne1 Nxe1 16. Rfxe1 cxd4 17. Bxd4 Bb4 18. Re2 Ne7 19. Rc1 Nf5 20. Nf3 O-O
21. Bc5 Rac8 22. Rec2 Bxc5 23. Rxc5 Rxc5 24. Rxc5 Rb8 25. Ng5 Nd4 26. f4 Ne2+
27. Kf2 Nxf4 28. Ke3 Nxg2+ 29. Kf3 Nh4+ 30. Kg4 Ng6 31. Nxe6 Nxe5+ 32. Kf5 Nc6
33. b4 Nxb4 34. Rc7 Kh8 35. a3 Na6 36. Rxg7 Rf8+ 37. Nxf8 Kxg7 38. Ne6+ Kh6 39.
Ke5 b5 40. Kxd5 b4 41. axb4 Nxb4+ 42. Kc5 Nd3+ 43. Kb5 Kh5 44. Ka6 Kh4 45. Kxa7
h6 46. Ng7 Kg4 47. Kb6 Nf4 48. Kc6 Nh3 49. Kd6 Kg5 50. Ke6 Nf4+ 51. Kf7 Kg4 52.
Kf6 Nh5+ 53. Kg6 Nxg7 54. Kxh6 Kh3 55. Kxg7 Kxh2 1/2-1/2

[Event "14. Sparkassen Open 2015 - Gruppe C"]
[Site "Forchheim"]
[Date "2015.10.03"]
[Round "3.33"]
[White "Erdösi, Niko"]
[Black "Bergmann, Thomas"]
[Result "1-0"]
[WhiteElo "1498"]
[BlackElo "1178"]
[PlyCount "55"]
[EventDate "2015.??.??"]
[WhiteTeam "TV Tegernsee"]
[BlackTeam "SC Eggerbachtal"]

1. e4 e5 2. Nf3 Nf6 3. Nc3 d6 4. Bc4 Nxe4 5. Bxf7+ Kxf7 6. Nxe4 Bf5 7. d3 Bxe4
8. dxe4 Be7 9. Qd5+ Ke8 10. Qxb7 Nd7 11. Qd5 c5 12. b3 h6 13. Bb2 Qc8 14. Nd2
Nf6 15. Qd3 Qc6 16. Qg3 Kf7 17. O-O-O Rhf8 18. Kb1 Kg8 19. f3 a5 20. a4 Rab8
21. Nc4 Ra8 22. Rd3 Rfd8 23. Rhd1 Ra7 24. Bxe5 dxe5 25. Rxd8+ Bxd8 26. Rxd8+
Kh7 27. Nxe5 Qe6 28. Qg6# 1-0